Global business today

"Global Business Today, 5e" is written for either the undergraduate course or MBA level course of International Business where the instructor wants to eliminate or reduce the amount of financial and accounting information from their course.

Đã lưu trong:
书目详细资料
主要作者: Hill, Charles W. L
格式: 图书
语言:Undetermined
出版: Boston, Mass McGraw-Hill/Irwin 2006
主题:
标签: 添加标签
没有标签, 成为第一个标记此记录!
Thư viện lưu trữ: Trung tâm Học liệu Trường Đại học Cần Thơ
LEADER 00952nam a2200217Ia 4500
001 CTU_156072
008 210402s9999 xx 000 0 und d
020 |c 51.28 
082 |a 658.049 
082 |b H645 
100 |a Hill, Charles W. L 
245 0 |a Global business today 
245 0 |c Charles W.L. Hill 
260 |a Boston, Mass 
260 |b McGraw-Hill/Irwin 
260 |c 2006 
520 |a "Global Business Today, 5e" is written for either the undergraduate course or MBA level course of International Business where the instructor wants to eliminate or reduce the amount of financial and accounting information from their course. 
650 |a Hoạt động kinh doanh quốc tế,Thương mại quốc tế,International business enterprises,International trade,Investments, Foreign,Capital market 
650 |x Sự quản lý,Management 
904 |i Năm 
980 |a Trung tâm Học liệu Trường Đại học Cần Thơ